| 000 | 00570nam a2200217Ia 4500 | ||
|---|---|---|---|
| 005 | 20250923144739.0 | ||
| 008 | 008 250917s9999 xx 000 0 eng d | ||
| 037 | _aTextual | ||
| 040 |
_aDSWL _beng _cDSWL |
||
| 041 |
_aeng _2eng |
||
| 084 | _qDSWL | ||
| 100 |
_aTanner, J.M. _9827997 |
||
| 245 | 0 |
_aChild development (Discussion) _cby J.M. Tanner |
|
| 260 |
_aLondon _bTavislockPublishers _c1960 |
||
| 300 | _axv,186p. | ||
| 365 |
_aINR _b30 |
||
| 700 |
_a B. Inhelder _9827998 |
||
| 925 | _g30 | ||
| 942 | _cTEXL | ||
| 999 |
_c1442825 _d1442825 |
||